Estudos Acerca do Princípio da Afetividade no Direito das Famílias (Registro nro. 169273)
[ vista simple ]
| 000 -LEADER | |
|---|---|
| fixed length control field | 02131nam a22002777a 4500 |
| 007 - PHYSICAL DESCRIPTION FIXED FIELD--GENERAL INFORMATION | |
| fixed length control field | cr|||| |||| |
| 008 - FIXED-LENGTH DATA ELEMENTS--GENERAL INFORMATION | |
| fixed length control field | 201231s2014 br |||||s|||| 00||0 por d |
| 020 ## - INTERNATIONAL STANDARD BOOK NUMBER | |
| International Standard Book Number | 978-85-8248-029-8 |
| 035 ## - | |
| -- | 32487 |
| 040 ## - CATALOGING SOURCE | |
| Original cataloging agency | vLex |
| 090 ## - | |
| -- | 11037 |
| -- | 11037 |
| 100 1# - MAIN ENTRY--PERSONAL NAME | |
| Personal name | Rodrigues de Toledo, Iara |
| 245 10 - TITLE STATEMENT | |
| Title | Estudos Acerca do Princípio da Afetividade no Direito das Famílias |
| Medium | [Recurso electrónico] / |
| Statement of responsibility, etc | Iara Rodrigues de Toledo, Sarah Caroline de Deus Pereira, Daiane Cristina da Silva Mendes |
| 256 ## - | |
| -- | Servicio en línea |
| 260 ## - PUBLICATION, DISTRIBUTION, ETC. (IMPRINT) | |
| Place of publication, distribution, etc | San Pablo: |
| Name of publisher, distributor, etc | Letras JuriÌdicas Editora, |
| Date of publication, distribution, etc | 2014 |
| 300 ## - PHYSICAL DESCRIPTION | |
| Extent | 1 recurso electrónico |
| 500 ## - GENERAL NOTE | |
| General note | Apraz-nos trazer à lume os primorosos estudos sobre a Afetividade de autoria de notáveis juristas, mestres e mestrandos, quer do Centro Universitário Eurípides de Marília- UNIVEM, quer de outras ilustres Instituições convidadas, que lhe outorgam natureza jurídica de novel Princípio Jurídico estruturador do Direito das Famílias, conquanto estruturado como implícito na Constituição Federal vigente no Capítulo VII da Ordem Social,intitulado Da Família, da Criança, do Adolescente e do Idoso, que a modo exemplificativo, se destacam os arts.227§ 6º que regra a igualdade entre os filhos qualquer que seja a sua origem e a adoção como escolha afetiva a justificar o plano da igualdade dos direitos (arts.227§§ 5º e 6º), firmes na compreensibilidade de que em face da existência ou enquanto existir a affectio há família. |
| 506 1# - RESTRICTIONS ON ACCESS NOTE | |
| Terms governing access | Disponible solo en los productos indicados |
| Authorized users | vLex Global |
| -- | vLex Global (Academic Edition, excluding Law Schools) |
| -- | vLex Global (U.S. Academic Edition, Law Schools) |
| -- | vLex Global (U.S. Academic Edition, excluding Law Schools) |
| -- | vLex Global (Academic Edition, Law Schools) |
| 650 04 - SUBJECT ADDED ENTRY--TOPICAL TERM | |
| Topical term or geographic name as entry element | Familia y Sucesiones |
| Geographic subdivision | Brasil |
| 700 1# - ADDED ENTRY--PERSONAL NAME | |
| Personal name | Deus Pereira, Sarah Caroline de |
| 700 1# - ADDED ENTRY--PERSONAL NAME | |
| Personal name | da Silva Mendes, Daiane Cristina |
| 740 0# - | |
| -- | vLex Libros (Servicio en línea) |
| 856 40 - LOCALIZACIÓN Y ACCESO ELECTRÓNICO | |
| Identificador Uniforme del Recurso (URI/URL) | https://app.vlex.com/#/sources/estudos-acerca-do-principio-da-afetividade-no-direito-das-familias-32487 |
| 942 ## - | |
| -- | RAA |
| 999 ## - | |
| -- | 169273 |
| -- | 169273 |
No hay ítems disponibles.